| 000 | 00495nam a2200169Ia 4500 | ||
|---|---|---|---|
| 999 |
_c26047 _d26047 |
||
| 003 | OSt | ||
| 005 | 20201202125739.0 | ||
| 008 | 190216s9999||||xx |||||||||||||| ||und|| | ||
| 040 | _coclc | ||
| 082 |
_a894.8123 _bIRU/N |
||
| 100 |
_aIrumbayam, George _97135 |
||
| 245 | 0 |
_aNalu Novalukal / _cGeorge Irumbayam |
|
| 260 |
_bKerala Sahithya Academy, _c1962. _aThrissur: |
||
| 300 | _a392p | ||
| 650 | _aMalayalam Novel | ||
| 942 |
_cBK _2ddc _h894.8123 _iIRU/N _k894.8123 _mIRU/N |
||